Photovoltaic Solar Energy Generation (Record no. 8320)

MARC details
000 -LEADER
fixed length control field 00519nam a22001937a 4500
003 - CONTROL NUMBER IDENTIFIER
control field OSt
005 - DATE AND TIME OF LATEST TRANSACTION
control field 20240430172508.0
008 - FIXED-LENGTH DATA ELEMENTS--GENERAL INFORMATION
fixed length control field 240430b |||||||| |||| 00| 0 eng d
020 ## - INTERNATIONAL STANDARD BOOK NUMBER
International Standard Book Number 3540236767
040 ## - CATALOGING SOURCE
Transcribing agency DDC
082 ## - DEWEY DECIMAL CLASSIFICATION NUMBER
Classification number 537.54 GOE 2005
100 ## - MAIN ENTRY--PERSONAL NAME
Relator code Geotzberger A., Hoffmann V,U
245 ## - TITLE STATEMENT
Title Photovoltaic Solar Energy Generation
260 ## - PUBLICATION, DISTRIBUTION, ETC. (IMPRINT)
Place of publication, distribution, etc. New York,
Name of publisher, distributor, etc. Springer
Date of publication, distribution, etc. 2005
300 ## - PHYSICAL DESCRIPTION
Extent xii;232p,
Other physical details ill,
Dimensions 24cm
504 ## - BIBLIOGRAPHY, ETC. NOTE
Bibliography, etc References and Index
650 ## - SUBJECT ADDED ENTRY--TOPICAL TERM
Source of heading or term Solar Energy,
Topical term or geographic name as entry element Physics
9 (RLIN) 809
942 ## - ADDED ENTRY ELEMENTS (KOHA)
Source of classification or shelving scheme Dewey Decimal Classification
Koha item type Open Shelf
Holdings
Withdrawn status Lost status Source of classification or shelving scheme Damaged status Not for loan Home library Current library Date acquired Inventory number Total Checkouts Full call number Barcode Date last seen Price effective from Koha item type Source of acquisition
    Dewey Decimal Classification     MUST Main Library MUST Main Library 30/04/2024 11/33669   537.54 GOE 2005 2024-0178 30/04/2024 30/04/2024 Open Shelf  
    Dewey Decimal Classification     MUST Main Library MUST Main Library 26/11/2024 08/31022   537.54 GOE 2005 2024-22570 26/11/2024 26/11/2024 Book Bank purchase